| 000 | 01079nam a22002891 4500 | ||
|---|---|---|---|
| 001 | 32957 | ||
| 003 | BD-RjUL | ||
| 005 | 20211209051924.0 | ||
| 008 | 140429s1966 stkacfh b 001 0 eng d | ||
| 035 | _a(BD-RjUL)33047 | ||
| 040 |
_aDLC _cOTU _dOCoLC _dUk _dDLC _dBD-RjUL _beng |
||
| 041 | _aeng | ||
| 082 | 0 | 0 |
_a301.29176704 _bDAI 1966 |
| 100 | 1 |
_aDaniel, Norman. _9100174 |
|
| 245 | 1 | 0 |
_aIslam Europe and Empire _cby Norman Daniel, |
| 260 |
_aEdinburgh : _bEdinburgh U.P., _c1966. |
||
| 300 |
_axvii, 619 p. : _billus., 34 plates (incl. facsims., ports.) ; _c23 cm. |
||
| 490 | 1 |
_a[Edinburgh University publications; language and literature series, _vno. 15] |
|
| 504 | _aInclude index and Bibliography: p. 566-594. | ||
| 650 | 0 |
_aIslam _xRelations _xChristianity. _95519 |
|
| 650 | 0 |
_aChristianity and other religions _xIslam. _95518 |
|
| 651 | 0 |
_aIslamic countries _xForeign public opinion, European. _9100175 |
|
| 651 | 0 |
_aEurope _xRelations _zIslamic countries. _9100176 |
|
| 651 | 0 |
_aIslamic countries _xRelations _zEurope. _9100177 |
|
| 942 |
_2ddc _cBK |
||
| 999 |
_c32957 _d32957 |
||